| 000 | 01159cam a22003617a 4500 | ||
|---|---|---|---|
| 003 | CHAP | ||
| 005 | 20220817042417.0 | ||
| 008 | 971013s1972 r 00010 d | ||
| 010 | _a43856 | ||
| 011 | _a44828 | ||
| 035 | _a48967 | ||
| 040 | _cCHAP | ||
| 082 |
_a338.17318 _bF33 |
||
| 110 | _aFAO | ||
| 245 | 1 | 3 | _aEl mercadeo del arroz |
| 260 |
_aRoma : _bFAO, _c1972 |
||
| 300 |
_a231 p. _b: ilus. |
||
| 490 | 0 |
_aFAO. Guía de mercadeo _v; 6 |
|
| 590 |
_aBATCH-UPD _b10 _c20130110 _lUCH01 _h1126 |
||
| 590 |
_aBATCH-UPD _b10 _c20130410 _lUCH01 _h0716 |
||
| 590 |
_aBATCH-UPD _b10 _c20130914 _lUCH01 _h0403 |
||
| 590 |
_aCONVERSION _b10 _c20130109 _lUCH01 _h1324 |
||
| 650 | 1 | 4 |
_aArroz. _97554 |
| 650 | 1 | 4 |
_aArroz _xMercadeo. _97632 |
| 700 | 0 |
_aAbbott, John Cane. _9165 |
|
| 830 | 0 |
_aFAO. Guía de mercadeo _v; 6 _939580 |
|
| 901 | _aBK | ||
| 942 | _cLIBRO | ||
| 949 |
_a338.17318 F33 _bBC _cFAO _d-110630 _eFAO1 _h28776 _i48967 _mD _si |
||
| 949 |
_a338.17318 F33 _bBC _cFAO _d-110631 _eFAO2 _fc.2 _h28777 _i48967 _si |
||
| 949 |
_a338.17318 F33 _bBC _cFAO _d-110632 _eFAO2 _fc.3 _h28778 _i48967 _mD _si |
||
| 949 |
_a338.17318 F33 _bBC _cFAO _d-110633 _eFAO2 _fc.4 _h46308 _i48967 _si |
||
| 999 |
_c43856 _d43856 |
||